000
00271nam a2200097Ia 4500
008
231107s1999 xx 000 0 und d
041
_a
eng
100
_a
Dwiwedi Sharada
245
_a
Fort Walks: Around Bombay's Fort Area
260
_a
Bombay
_b
Eminence Design pvt ltd.
_c
1999
999
_c
922975
_d
922975